000 00436nam a2200193Ia 4500
005 20240823050727.0
008 240823s9999||||xx |||||||||||||| ||und||
020 _a978-93-806196-7-5
041 _aENGLISH
082 _A646.7 Q3
100 _aSumeet Jain
245 0 _aLife is a Pack of Cards
250 _a1st
260 _c2013
_bGood Times
500 _aYES
650 _aGeneral
_bGeneral
942 _cBK
999 _c217915
_d217915